=LDR 00000nam 2200000 4500 =001 INLIS000000000001703 =005 20130612090112 =008 ***********************************Ind** =035 ##$$0010-061300000001703 =041 ##$$a Ind =082 ##$$a 615.5 =090 ##$$a 615.5, Bow s =100 ##$$a Bowden, Robert =245 ##$$a Sembuhkan sendiri bukat osteopati, Robert Bowden;Penerjemah,Lamiyati Hamijoyo =260 ##$$a 1995 $b Jakarta =300 ##$$a 98hlm, ilus, 20 cm =650 ##$$a Osteopati, Terapi =700 ##$$a Hamijoyo, Lamiyati =850 ##$$a NBPNMAT